00409nam a2200145Ia 4500008004100000041000900041082001500050100002200065245001800087260003400105300000700139650000800146999001700154952009200171230718s9999 xx 000 0 und d aEng. a340bLAT-P aLate M. Malik Mus 0aP.L.D. (2012) aPakistanbAl Bustan Gelc2012 a39 aLaw c27175d27175 00104070aSIRC-LbSIRC-Ld2023-07-18l0o340 LAT-Pp22127r2023-07-18w2023-07-18yBK